000 00973nas a2200277 454500
001 44308
005 20260407193511.0
008 260407s1996####ag###########|||spa#d
003 AR-UNSa-BCEJYS
040 _aAR-UNSa-BCEJYS
_bspa
_cAR-UNSa-BCEJYS
080 _a330(82)
_xEconomia Argentina
245 1 0 _aPrincipales indicadores de la economía Argentina
264 1 _aBuenos Aires :
_bUADE (Universidad Argentina de la Empresa)
_c1996
310 _aFrecuencia: Irregular
041 _aspa
942 _cSER
590 _aniveau_biblio:s niveau_hierar:1
100 1 _aUniversidad Argentina de la Empresa. Instituto de Economía
700 1 _aChisari, Omar O.
650 _aCondiciones económicas
650 _aMercado de trabajo
650 _aECONOMIA ARGENTINA
650 _aINDICADORES ECONOMICOS
650 _aSISTEMA INTEGRADO DE JUBILACIONES Y PENSIONES
856 4 1 _uhttps://biblioeco.unsa.edu.ar/pmb/images/revistas/R21459.jpg
_yImagen de portada
_qimage/jpeg
999 _c8920
_d8920